000
00323nam a2200145Ia 4500
003
OSt
005
20240311111619.0
008
170524s9999 xx 000 0 und d
020
_a
NIL
040
_c
IIMT UNIVERSITY
100
_a
GUPTA- P. K.
245
0
_a
ANUPARUKAT YANTREEKI
260
_b
M. NGR: ASIAN
942
_2
ddc
_c
02
999
_c
7626
_d
7626